000 00499 a2200169 4500
001 131136
003 OSt
005 20210908113908.0
008
082 _a535.84
_bH44A
100 1 _aHerzberg, Gerhard
245 1 _aAtomic spectra and atomic structure
_cby Gerhard Herzberg
260 _aNew Delhi
_bDover Publication
_c2008
300 _a257p.
690 _aAtoms; Atomic spectroscopy; Spectrum analysis; Atomic spectra; Atomic structure
942 _2ddc
_cBK
999 _c5672
_d5672